[Event "Bad Woerishofen Seniors op 30th"]
[Site "Bad Woerishofen"]
[Date "2014.03.27"]
[Round "7"]
[White "Storkebaum, Karl Heinrich"]
[Black "Fels, Karl Heinz"]
[Result "1-0"]
[WhiteElo "1959"]
[BlackElo "1882"]
[PlyCount "103"]
[EventDate "2014.03.21"]
[EventType "swiss"]
[EventRounds "9"]
[EventCountry "GER"]
[SourceTitle "EXT 2019"]
[Source "ChessBase"]
[SourceDate "2018.10.10"]
[SourceVersion "1"]
[SourceVersionDate "2018.10.10"]
[SourceQuality "1"]

1. d4 Nf6 2. c4 e6 3. Nc3 Bb4 4. e3 c5 5. Bd3 0-0 6. Qc2 d5 7. Nf3 h6 8. 0-0 cxd4 9. exd4 Nc6 10. a3 Bxc3 11. bxc3 dxc4 12. Bxc4 Na5 13. Bd3 b6 14. Be3 Bb7 15. Qe2 Rc8 16. Bd2 Nb3 17. Rad1 Nxd2 18. Qxd2 Bxf3 19. gxf3 Qd5 20. Qe3 Kh8 21. c4 Qa5 22. Be2 Rfd8 23. Rb1 a6 24. Rfd1 Rc6 25. Rbc1 Rcd6 26. c5 bxc5 27. Rxc5 Qb6 28. Qc3 Nd5 29. Qc1 g5 30. Bf1 Nf4 31. Rc7 Kg7 32. Rc4 e5 33. d5 Nxd5 34. Qc2 Nf4 35. Rxd6 Rxd6 36. Re4 f6 37. Rb4 Qc6 38. Rc4 Qd5 39. Rc7+ Rd7 40. Rxd7+ Qxd7 41. Bxa6 Ne6 42. Bc8 Qd6 43. Bxe6 Qxe6 44. a4 Qd5 45. Qe4 Qa5 46. h3 Qd2 47. Kg2 h5 48. Qc6 h4 49. Qc7+ Kg6 50. a5 Qd3 51. Qc6 g4 52. Qe4+ 1-0

[Event "Bayern-ch Seniors 25th"]
[Site "Bergen"]
[Date "2013.06.16"]
[Round "2.34"]
[White "Fels, Karl Heinz"]
[Black "Sandner, Josef"]
[Result "1-0"]
[WhiteElo "1676"]
[BlackElo "1505"]
[PlyCount "89"]
[EventDate "2013.06.15"]
[EventType "swiss"]
[EventRounds "9"]
[EventCountry "GER"]
[SourceTitle "EXT 2022"]
[Source "ChessBase"]
[SourceDate "2021.10.06"]
[SourceVersion "1"]
[SourceVersionDate "2021.10.06"]
[SourceQuality "1"]

1. e4 c5 2. Nf3 d6 3. d4 cxd4 4. Nxd4 Nf6 5. Nc3 g6 6. f3 Bg7 7. Be3 0-0 8. Qd2 Nc6 9. g4 Nxd4 10. Bxd4 Be6 11. h4 Qa5 12. h5 Rfc8 13. hxg6 fxg6 14. Be2 Rab8 15. g5 Nh5 16. Bxg7 Nxg7 17. f4 Rc5 18. a3 Qc7 19. Bf3 b5 20. Qh2 Rxc3 21. Qxh7+ Kf7 22. bxc3 Qxc3+ 23. Kf2 Qxc2+ 24. Kg3 Qc3 25. Rac1 Qe3 26. Rce1 Qc3 27. Re2 d5 28. Rh6 Rg8 29. Qxg6+ Kf8 30. Qh7 dxe4 31. Qxe4 Nf5+ 32. Kf2 Qc5+ 33. Re3 Nxe3 34. Qxe3 Qxe3+ 35. Kxe3 Bf7 36. Ra6 Rg6 37. Rxa7 Bc4 38. Be4 Re6 39. Kd4 Rd6+ 40. Ke5 Be2 41. f5 Bc4 42. g6 Rf6 43. Ra8+ Kg7 44. Re8 e6 45. Re7+ 1-0

[Event "Bayern-ch Seniors 24nd"]
[Site "Bergen"]
[Date "2012.06.23"]
[Round "8"]
[White "Baumann, Walter"]
[Black "Fels, Karl Heinz"]
[Result "1-0"]
[WhiteElo "1587"]
[BlackElo "1660"]
[PlyCount "89"]
[EventDate "2012.06.16"]
[EventType "swiss"]
[EventRounds "9"]
[EventCountry "GER"]
[SourceTitle "EXT 2015"]
[Source "ChessBase"]
[SourceDate "2014.11.20"]
[SourceVersion "1"]
[SourceVersionDate "2014.11.20"]
[SourceQuality "1"]

1. d4 Nf6 2. c4 e6 3. Nc3 Bb4 4. Bd2 0-0 5. e3 c5 6. a3 Bxc3 7. Bxc3 Ne4 8. Bd3 Nxc3 9. bxc3 f5 10. Nf3 Qa5 11. Qb3 Nc6 12. 0-0 Rb8 13. d5 Ne7 14. Rfd1 d6 15. e4 e5 16. exf5 Bxf5 17. Qc2 g6 18. Ng5 Bd7 19. Rdb1 Rf6 20. Ne4 Rf4 21. Nxd6 Qc7 22. Ne4 Nc8 23. g3 Rf5 24. Re1 Rf8 25. Re3 Nd6 26. Rae1 Nf5 27. R3e2 Rbe8 28. Kg2 Nd6 29. Ng5 Bf5 30. Bxf5 Nxf5 31. Ne6 Qd6 32. Nxf8 Kxf8 33. f4 Qa6 34. Rxe5 Ne7 35. Qe2 Qf6 36. Rxe7 Rxe7 37. Qxe7+ Qxe7 38. Rxe7 Kxe7 39. Kf3 Kd6 40. Ke4 a6 41. g4 h6 42. h4 b6 43. f5 b5 44. cxb5 axb5 45. fxg6 1-0

[Event "Bayern-ch Seniors 24nd"]
[Site "Bergen"]
[Date "2012.06.17"]
[Round "2"]
[White "Wiesner, Werner"]
[Black "Fels, Karl Heinz"]
[Result "1-0"]
[WhiteElo "1903"]
[BlackElo "1660"]
[PlyCount "53"]
[EventDate "2012.06.16"]
[EventType "swiss"]
[EventRounds "9"]
[EventCountry "GER"]
[SourceTitle "EXT 2015"]
[Source "ChessBase"]
[SourceDate "2014.11.20"]
[SourceVersion "1"]
[SourceVersionDate "2014.11.20"]
[SourceQuality "1"]

1. d4 Nf6 2. c4 e6 3. Nc3 Bb4 4. Qb3 Bxc3+ 5. Qxc3 Ne4 6. Qd3 f5 7. g3 0-0 8. Bg2 Nf6 9. Nf3 d6 10. 0-0 h6 11. Re1 Nc6 12. Bf4 Nb4 13. Qb3 a5 14. Rad1 Qe7 15. a3 Nc6 16. d5 a4 17. Qc2 Nd8 18. dxe6 Bxe6 19. Nd4 Nh5 20. Nxe6 Qxe6 21. Bd5 Nxf4 22. gxf4 Kh8 23. Bxe6 Nxe6 24. e3 Rf6 25. Rd5 g6 26. Qc3 Kg7 27. Ra5 1-0

[Event "Bayern-ch Seniors 24nd"]
[Site "Bergen"]
[Date "2012.06.16"]
[Round "1"]
[White "Fels, Karl Heinz"]
[Black "Hartlaub, Marianne"]
[Result "1-0"]
[WhiteElo "1660"]
[BlackElo "1321"]
[PlyCount "111"]
[EventDate "2012.06.16"]
[EventType "swiss"]
[EventRounds "9"]
[EventCountry "GER"]
[SourceTitle "EXT 2015"]
[Source "ChessBase"]
[SourceDate "2014.11.20"]
[SourceVersion "1"]
[SourceVersionDate "2014.11.20"]
[SourceQuality "1"]

1. e4 d6 2. d4 Nf6 3. Nc3 c6 4. h3 Nbd7 5. Nf3 Qa5 6. Bd2 Qc7 7. Bd3 e5 8. d5 a6 9. 0-0 Be7 10. a3 0-0 11. b4 b5 12. a4 Bb7 13. Qe2 cxd5 14. exd5 Nxd5 15. Nxd5 Bxd5 16. axb5 axb5 17. Bxb5 Nf6 18. c4 Bc6 19. Bxc6 Qxc6 20. b5 Qc7 21. Bb4 Rfc8 22. Rxa8 Rxa8 23. Rc1 Ra4 24. Rb1 Bf8 25. Qc2 Ra8 26. Bd2 d5 27. b6 Qd6 28. Bb4 Qe6 29. Bxf8 Kxf8 30. c5 Nd7 31. c6 Rc8 32. c7 Nxb6 33. Qc5+ Qe7 34. Qxb6 Qxc7 35. Qxc7 Rxc7 36. Nxe5 Ke7 37. f4 f6 38. Nf3 Kd6 39. Kf2 Rc2+ 40. Kg3 Rc7 41. Rb8 Kc5 42. Rd8 Re7 43. Rc8+ Kd6 44. Kg4 g6 45. Nd4 Rd7 46. Rc6+ Ke7 47. f5 Kf7 48. h4 Re7 49. Re6 Rb7 50. Rd6 Rb2 51. g3 gxf5+ 52. Kxf5 Rf2+ 53. Kg4 Kg6 54. Rxd5 Rd2 55. h5+ Kh6 56. Nf5# 1-0

[Event "Staufer op 21st"]
[Site "Schwaebisch Gmuend"]
[Date "2009.01.02"]
[Round "1"]
[White "Zunker, Reinhard"]
[Black "Fels, Karl Heinz"]
[Result "1-0"]
[WhiteElo "2194"]
[BlackElo "1936"]
[PlyCount "81"]
[EventDate "2009.01.02"]
[EventType "swiss"]
[EventRounds "9"]
[EventCountry "GER"]
[SourceTitle "CBM 128 Extra"]
[Source "ChessBase"]
[SourceDate "2009.03.05"]
[SourceVersion "2"]
[SourceVersionDate "2009.03.25"]
[SourceQuality "1"]

1. e4 e5 2. Nf3 Nc6 3. c3 d5 4. Qa4 dxe4 5. Nxe5 Qd5 6. Nxc6 bxc6 7. Bc4 Qd7 8. Na3 Nf6 9. Nc2 Bd6 10. h3 0-0 11. Ne3 Bb7 12. g4 h6 13. d4 exd3 14. Bxd3 Rfe8 15. Bd2 c5 16. Qxd7 Nxd7 17. 0-0 Ne5 18. Be2 Bf3 19. Rfe1 Rad8 20. Bb5 c6 21. Bf1 Bc7 22. Nc4 Re6 23. Nxe5 Bxe5 24. Be3 Bd6 25. Bg2 Bd5 26. b3 Be5 27. Rac1 Bxg2 28. Kxg2 Bd6 29. f4 Rde8 30. Kf3 a6 31. Bd2 Kf8 32. Rxe6 fxe6 33. Ke4 Kf7 34. Be3 e5 35. f5 g5 36. Rd1 Bf8 37. Rd7+ Re7 38. Rd6 Rc7 39. Re6 Bg7 40. Bxc5 Bf6 41. Bd6 1-0

[Event "Bad Woerishofen Seniors op 24th"]
[Site "Bad Woerishofen"]
[Date "2008.03.05"]
[Round "7"]
[White "Fels, Karl Heinz"]
[Black "Alefs, Heinz"]
[Result "1/2-1/2"]
[WhiteElo "1701"]
[BlackElo "1665"]
[PlyCount "125"]
[EventDate "2008.02.28"]
[EventType "swiss"]
[EventRounds "9"]
[EventCountry "GER"]
[SourceTitle "EXT 2022"]
[Source "ChessBase"]
[SourceDate "2021.10.06"]
[SourceVersion "1"]
[SourceVersionDate "2021.10.06"]
[SourceQuality "1"]

1. e4 e6 2. d4 d5 3. Nc3 Bb4 4. e5 Ne7 5. Bd2 c5 6. dxc5 Bxc5 7. Bb5+ Bd7 8. Bxd7+ Nxd7 9. Nf3 Ng6 10. Qe2 a6 11. 0-0 0-0 12. a3 Rc8 13. b4 Ba7 14. Rac1 Bb8 15. Rfe1 Ndxe5 16. Na4 Nc4 17. Bg5 Qd6 18. Qd3 h6 19. Be3 Qc6 20. Nc5 Nxe3 21. fxe3 Qc7 22. g3 Ba7 23. Nb3 Qc3 24. Kg2 Rc7 25. Qe2 Rfc8 26. Nfd4 e5 27. Nf5 Qc6 28. Na5 Qe6 29. Rf1 Rc3 30. Nb3 Nf8 31. Qg4 Rxc2+ 32. Rxc2 Rxc2+ 33. Kh1 Qf6 34. Qh5 Kh7 35. Qd1 Qc6 36. Ne7 Qc3 37. Qxd5 Qxe3 38. Nc5 Qe2 39. Qe4+ Qxe4+ 40. Nxe4 f6 41. Nf5 Ne6 42. Nfd6 b5 43. Rd1 Bd4 44. Rd3 Nc7 45. Nb7 Nd5 46. Nbd6 Ne3 47. h4 Ng4 48. Rd2 Rc1+ 49. Kg2 Rg1+ 50. Kf3 h5 51. Ke2 Rg2+ 52. Kd3 Rg1 53. Ra2 g6 54. Ne8 Rf1 55. Rc2 Rf3+ 56. Kd2 Be3+ 57. Ke2 Rf5 58. Rc7+ Kg8 59. Ng7 Bh6 60. Nxf5 gxf5 61. Nc5 f4 62. gxf4 Bxf4 63. Nxa6 1/2-1/2

[Event "Bad Woerishofen Seniors op 24th"]
[Site "Bad Woerishofen"]
[Date "2008.02.28"]
[Round "1"]
[White "Zunker, Reinhard"]
[Black "Fels, Karl Heinz"]
[Result "1-0"]
[WhiteElo "2124"]
[BlackElo "1701"]
[PlyCount "89"]
[EventDate "2008.02.28"]
[EventType "swiss"]
[EventRounds "9"]
[EventCountry "GER"]
[SourceTitle "EXT 2022"]
[Source "ChessBase"]
[SourceDate "2021.10.06"]
[SourceVersion "1"]
[SourceVersionDate "2021.10.06"]
[SourceQuality "1"]

1. e4 e5 2. Nf3 Nc6 3. Bb5 a6 4. Ba4 Nf6 5. 0-0 b5 6. Bb3 Be7 7. Re1 0-0 8. c3 d5 9. d4 dxe4 10. Nxe5 Nxe5 11. dxe5 Qxd1 12. Bxd1 Ng4 13. Rxe4 Rd8 14. Be2 h5 15. Bxg4 hxg4 16. Re1 Bf5 17. Nd2 Rd5 18. Nf1 Rad8 19. Bf4 g5 20. Ne3 gxf4 21. Nxf5 Bg5 22. Nd4 c5 23. Nb3 Re8 24. Kf1 Rdxe5 25. Rxe5 Rxe5 26. Rd1 Be7 27. Re1 f6 28. Rxe5 fxe5 29. Ke2 Kf7 30. f3 gxf3+ 31. Kxf3 Kf6 32. Ke4 Ke6 33. Nd2 a5 34. c4 b4 35. b3 Bh4 36. Nf3 Bf6 37. Ne1 Be7 38. Nd3 Bd6 39. h4 Kf6 40. Kd5 Bc7 41. Nxc5 Kf5 42. h5 Bd8 43. Ne4 Be7 44. h6 Bf8 45. c5 1-0

[Event "Chiemgau Seniors Cup 3th"]
[Site "Bergen"]
[Date "2007.10.28"]
[Round "7"]
[White "Sandner, Josef"]
[Black "Fels, Karl Heinz"]
[Result "1/2-1/2"]
[WhiteElo "1489"]
[BlackElo "1726"]
[PlyCount "91"]
[EventDate "2007.10.22"]
[EventType "swiss"]
[EventRounds "9"]
[EventCountry "GER"]
[SourceTitle "EXT 2008"]
[Source "ChessBase"]
[SourceDate "2007.11.25"]
[SourceVersion "1"]
[SourceVersionDate "2007.11.25"]
[SourceQuality "1"]

1. e4 e5 2. Nf3 Nc6 3. d4 exd4 4. c3 dxc3 5. Nxc3 Bb4 6. Bc4 Bxc3+ 7. bxc3 Nf6 8. 0-0 0-0 9. e5 d5 10. exd6 Qxd6 11. Qb3 Na5 12. Qa4 Nxc4 13. Qxc4 Be6 14. Qa4 Rfd8 15. Bf4 Qe7 16. Nd4 Nd5 17. Bd2 Nb6 18. Qc2 c5 19. Nxe6 Qxe6 20. Rfe1 Qf6 21. Re2 Nc4 22. Rae1 h6 23. Bc1 b5 24. h3 a5 25. Re7 g5 26. R1e4 Rd6 27. h4 Rad8 28. Re8+ Rxe8 29. Rxe8+ Kg7 30. hxg5 hxg5 31. Qe2 Re6 32. Rxe6 fxe6 33. Qg4 Kg6 34. f4 Qf5 35. Qg3 g4 36. Qe1 Nd6 37. Ba3 Ne4 38. Bb2 Qxf4 39. Bc1 Qf5 40. Qh4 Qh5 41. Qe7 Qd5 42. Qe8+ Kf6 43. Qf8+ Kg6 44. Qg8+ Kf6 45. Qf8+ Kg6 46. Qg8+ 1/2-1/2